Адаптация иностранных студентов и студентов из автономных республик РФ к образовательным условиям вуза: учебно-методическое пособие

Podrobná bibliografie
Hlavní autor: Иванкина Л. И. Любовь Ивановна
Korporativní autor: Национальный исследовательский Томский политехнический университет (ТПУ) Институт кибернетики (ИК) Кафедра прикладной математики (ПМ)
Další autoři: Берестнева О. Г. Ольга Григорьевна, Фисоченко О. Н. Оксана Николаевна
Shrnutí:Заглавие с титульного экрана
Электронная версия печатной публикации
В пособии рассмотрены особенности адаптации и трудности, возникающие в период обучения иностранных студентов в российском вузе. Предложены методы включения студента в иноязычную среду, способствующие быстрому и конструктивному вхождению в учебный процесс. Предназначено для кураторов и преподавателей, работающих с иностранными студентами, а также для всех заинтересованных в повышении уровня собственной межкультурной и коммуникативной компетентности. Рекомендовано для всех направлений и специальностей ТПУ
Текстовый файл
AM_TPU_network
Jazyk:ruština
Vydáno: Томск, Изд-во ТПУ, 2013
Témata:
On-line přístup:http://www.lib.tpu.ru/fulltext2/m/2014/m064.pdf
Médium: MixedMaterials Elektronický zdroj Kniha
KOHA link:https://koha.lib.tpu.ru/cgi-bin/koha/opac-detail.pl?biblionumber=254935

MARC

LEADER 00000nam0a2200000 4500
001 254935
005 20260406135520.0
010 |a 978-5-4387-0322-8 
035 |a (RuTPU)RU\TPU\book\277437 
090 |a 254935 
100 |a 20140325d2013 m y0rusy50 ca 
101 0 |a rus 
102 |a RU 
105 |a a j 001zy 
135 |a drcn ---uucaa 
181 0 |a i   |b  e  
182 0 |a b 
183 0 |a cr  |2 RDAcarrier 
200 1 |a Адаптация иностранных студентов и студентов из автономных республик РФ к образовательным условиям вуза  |e учебно-методическое пособие  |f Л. И. Иванкина, О. Г. Берестнева, О. Н. Фисоченко  |g Национальный исследовательский Томский политехнический университет (ТПУ) 
203 |a Текст  |c электронный  |b визуальный 
210 |a Томск  |c Изд-во ТПУ  |d 2013 
283 |a online_resource  |2 RDAcarrier 
300 |a Заглавие с титульного экрана 
300 |a Электронная версия печатной публикации 
330 |a В пособии рассмотрены особенности адаптации и трудности, возникающие в период обучения иностранных студентов в российском вузе. Предложены методы включения студента в иноязычную среду, способствующие быстрому и конструктивному вхождению в учебный процесс. Предназначено для кураторов и преподавателей, работающих с иностранными студентами, а также для всех заинтересованных в повышении уровня собственной межкультурной и коммуникативной компетентности. Рекомендовано для всех направлений и специальностей ТПУ 
336 |a Текстовый файл 
371 0 |a AM_TPU_network 
452 1 |0 (RuTPU)RU\TPU\book\268603  |y 978-5-4387-0322-8  |t Адаптация иностранных студентов и студентов из автономных республик РФ к образовательным условиям вуза  |o учебно-методическое пособие  |f Л. И. Иванкина, О. Г. Берестнева, О. Н. Фисоченко  |g Национальный исследовательский Томский политехнический университет (ТПУ)  |c Томск  |n Изд-во ТПУ  |d 2013  |p 50 с.  |a Иванкина, Любовь Ивановна 
601 0 2 |a Национальный исследовательский Томский политехнический университет (ТПУ)  |c (2009- )  |2 stltpush  |3 (RuTPU)RU\TPU\col\15902 
606 1 |a Студенты  |x Самоменеджмент  |2 stltpush  |3 (RuTPU)RU\TPU\subj\71818  |9 85556 
610 1 |a электронный ресурс 
610 1 |a учебные пособия 
610 1 |a высшее профессиональное образование 
610 1 |a труды учёных ТПУ 
610 1 |a иностранные студенты 
610 1 |a адаптационные процессы 
610 1 |a адаптация 
610 1 |a адаптационные возможности 
610 1 |a трудности 
610 1 |a этапы 
610 1 |a методики 
610 1 |a поддержка 
610 1 |a опросники 
610 1 |a опросные методы 
610 1 |a диагностика 
610 1 |a депрессия 
610 1 |a самооценка 
610 1 |a психические состояния 
610 1 |a психологические тесты 
610 1 |a мультикультурное воспитание 
686 |a Ч481.43я73  |2 rubbk 
700 1 |a Иванкина  |b Л. И.  |c специалист в области философии, социологии и психологии образования  |c профессор Томского политехнического университета, доктор философских наук  |f 1956-  |g Любовь Ивановна  |3 (RuTPU)RU\TPU\pers\25426  |9 11368 
701 1 |a Берестнева  |b О. Г.  |c специалист в области информатики и вычислительной техники  |c профессор Томского политехнического университета, доктор технических наук  |f 1953-  |g Ольга Григорьевна  |3 (RuTPU)RU\TPU\pers\24545  |9 10845 
701 1 |a Фисоченко  |b О. Н.  |c специалист в области информатики и вычислительной техники  |c старший преподаватель Томского политехнического университета, кандидат наук  |f 1977-  |g Оксана Николаевна  |3 (RuTPU)RU\TPU\pers\25582  |9 11512 
712 0 2 |a Национальный исследовательский Томский политехнический университет (ТПУ)  |b Институт кибернетики (ИК)  |b Кафедра прикладной математики (ПМ)  |3 (RuTPU)RU\TPU\col\18700 
801 1 |a RU  |b 63413507  |c 20140325 
801 2 |a RU  |b 63413507  |c 20160616  |g RCR 
856 4 0 |u http://www.lib.tpu.ru/fulltext2/m/2014/m064.pdf  |z http://www.lib.tpu.ru/fulltext2/m/2014/m064.pdf 
942 |c CF